Bivalve depuration : (Record no. 13337)
[ view plain ]
| 000 -LEADER | |
|---|---|
| fixed length control field | 00585nam a2200205Ia 4500 |
| 020 ## - INTERNATIONAL STANDARD BOOK NUMBER | |
| ISBN | 9789251060063 |
| 020 ## - INTERNATIONAL STANDARD BOOK NUMBER | |
| ISBN | 9251060061 |
| 040 ## - CATALOGING SOURCE | |
| Transcribing agency | OSU |
| 082 ## - DEWEY DECIMAL CLASSIFICATION NUMBER | |
| Classification number | 639 FOO 2008 A045 Or. |
| 100 1# - MAIN ENTRY--AUTHOR NAME | |
| Personal name | Lee, Ronald |
| 245 10 - TITLE STATEMENT | |
| Title | Bivalve depuration : |
| Remainder of title | fundamental and practical aspects / |
| 260 ## - PUBLICATION, DISTRIBUTION, ETC. (IMPRINT) | |
| Place of publication | Rome : |
| Name of publisher | Food and Agriculture Organization of the United Nations, |
| Year of publication | c2008 |
| 300 ## - PHYSICAL DESCRIPTION | |
| Number of Pages | xvii, 139 p. : |
| Other physical details | ill. ; |
| Dimensions | 30 cm |
| 650 #0 - SUBJECT ADDED ENTRY--TOPICAL TERM | |
| Topical Term | Bivalve culture |
| 650 #0 - SUBJECT ADDED ENTRY--TOPICAL TERM | |
| Topical Term | Mollusk culture |
| 650 #0 - SUBJECT ADDED ENTRY--TOPICAL TERM | |
| Topical Term | Bivalves |
| 700 1# - ADDED ENTRY--PERSONAL NAME | |
| Personal name | Lovatelli, Alessandro |
| 700 1# - ADDED ENTRY--PERSONAL NAME | |
| Personal name | Ababouch, Lahsen |
| 942 ## - ADDED ENTRY ELEMENTS (KOHA) | |
| Koha item type | សៀវភៅភាសាអង់គ្លេស |
| 952 ## - LOCATION AND ITEM INFORMATION (KOHA) | |
| Withdrawn status [LOCAL, KOHA] | 0 |
| Permanent Location | Date acquired | Koha item type | Lost status | Shelving location | Barcode | Current Location | Full call number |
|---|---|---|---|---|---|---|---|
| Library Block A | 2017-08-24 | សៀវភៅភាសាអង់គ្លេស | A045 | RUA060119 | Library Block A | 639 FOO 2008 A045 Or. |